000 01596cam a2200361 i 4500
005 20260322212040.0
008 data
010 _a 2014038474
020 _a9780525428077
020 _a0525428070
040 _aDLC
_beng
_cDLC
_erda
_dDLC
042 _apcc
043 _ae-it---
050 0 0 _aDG451
_b.H66 2015
082 0 0 _a945.093
_223
092 _a945.093 HOO 2015
100 1 _aHooper, John,
_d1950-
245 1 4 _aThe Italians /
_cJohn Hooper.
264 1 _aNew York :
_bViking,
_c2015.
300 _axvii, 316 pages :
_billustrations, maps ;
_c24 cm
336 _atext
_btxt
_2rdacontent
337 _aunmediated
_bn
_2rdamedia
338 _avolume
_bnc
_2rdacarrier
504 _aIncludes bibliographical references and index.
505 0 _aThe beautiful country -- A violent past -- Echoes and reverberations -- A hall of mirrors -- Fantasia -- Face values --Life as art -- Gnocchi on Thursdays -- Holy orders -- Le Italiane attitudes change -- Lovers and sons -- Family matters -- People who don't dance -- Taking sides -- Restrictive practices -- Of Mafias and Mafiosi -- Temptation and tangenti -- Pardon and justice -- Questions of identity.
650 0 _aItalians
_xEthnic identity.
651 0 _aItaly
_xCivilization
_y1945-
651 0 _aItaly
_xSocial conditions
_y1994-
906 _a7
_bcbc
_corignew
_d1
_eecip
_f20
_gy-gencatlg
925 0 _aacquire
_b1 shelf copy
_xpolicy default
955 _wxl03 2015-01-21
_frf10 2015-02-24 telework CIP ver. to CALM
001 data
999 _c943
_d943